Actors who worked with Gus Van Sant - Statistics

General Stats
  • This quiz has been taken 25 times
  • The average score is 22 of 86
Answer Stats
Films Answer % Correct
Good Will Hunting, Gerry, Promised Land Matt Damon
95%
Milk Sean Penn
95%
Good Will Hunting Ben Affleck
90%
Good Will Hunting, To Die For, Gerry Casey Affleck
90%
Good Will Hunting Robin Williams
90%
Psycho Vince Vaughn
71%
To Die For, Don't Worry, He Won't Get Far on Foot Joaquin Phoenix
62%
My Own Private Idaho River Phoenix
62%
My Own Private Idaho Keanu Reeves
57%
To Die For, Drugstore Cowboy Matt Dillon
52%
Milk James Franco
48%
Milk Josh Brolin
48%
Good Will Hunting Minnie Driver
48%
To Die For Nicole Kidman
43%
Milk Dave Franco
38%
Don't Worry, He Won't Get Far on Foot Jonah Hill
38%
Psycho Julianne Moore
38%
Finding Forrester Sean Connery
38%
Don't Worry, He Won't Get Far on Foot Jack Black
33%
Don't Worry, He Won't Get Far on Foot Rooney Mara
33%
Good Will Hunting Stellan Skarsgard
33%
Even Cowgirls Get the Blues Uma Thurman
33%
Psycho Anne Heche
29%
Drugstore Cowboy Kelly Lynch
29%
The Sea of Trees Matthew McConaughey
29%
Finding Forrester Anna Paquin
24%
Drugstore Cowboy, Even Cowgirls Get the Blues Heather Graham
24%
To Die For Illeana Douglas
24%
Restless Mia Wasikowska
24%
The Sea of Trees Naomi Watts
24%
Paranoid Park Taylor Momsen
24%
Milk Alison Pill
19%
Milk Diego Luna
19%
Milk Emile Hirsch
19%
Promised Land Frances McDormand
19%
Even Cowgirls Get the Blues John Hurt
19%
Elephant John Robinson
19%
Even Cowgirls Get the Blues Lorraine Bracco
19%
Last Days Michael Pitt
19%
Finding Forrester Michael Pitt
19%
Psycho Viggo Mortensen
19%
To Die For Wayne Knight
19%
Psycho William H. Macy
19%
Finding Forrester Busta Rhymes
14%
Even Cowgirls Get the Blues Crispin Glover
14%
Even Cowgirls Get the Blues Ed Begley Jr.
14%
My Own Private Idaho, Psycho Flea
14%
Finding Forrester F. Murray Abraham
14%
Drugstore Cowboy, Psycho James Le Gros
14%
My Own Private Idaho James Russo
14%
The Sea of Trees Ken Watanabe
14%
Last Days Lukas Haas
14%
Psycho Rita Wilson
14%
Finding Forrester Rob Brown
14%
Psycho Robert Forster
14%
Last Days, Even Cowgirls Get the Blues Scott Patrick Green
14%
My Own Private Idaho, Don't Worry, He Won't Get Far on Foot, Even Cowgirls Get the Blues Udo Kier
14%
Elephant Alex Frost
10%
Finding Forrester April Grace
10%
Last Days Asia Argento
10%
Don't Worry, He Won't Get Far on Foot Beth Ditto
10%
Milk Boyd Holbrook
10%
Psycho Chad Everett
10%
My Own Private Idaho Chiara Caselli
10%
Good Will Hunting Cole Hauser
10%
Paranoid Park Daniel Liu
10%
Milk Denis O'Hare
10%
Elephant, Milk Elias McConnell
10%
Elephant Eric Deulen
10%
Paranoid Park Gabe Nevins
10%
Restless Henry Hopper
10%
Paranoid Park Jake Miller
10%
Drugstore Cowboy, Psycho James Remar
10%
My Own Private Idaho Jim Caviezel
10%
Promised Land John Krasinski
10%
Milk Joseph Cross
10%
Milk Lucas Grabeel
10%
Psycho Philip Baker Hall
10%
Promised Land Rosemarie DeWitt
10%
Even Cowgirls Get the Blues Sean Young
10%
Promised Land Titus Welliver
10%
Milk Victor Garber
10%
My Own Private Idaho William Richert
10%
Elephant Carrie Finklea
5%
My Own Private Idaho Rodney Harvey
5%
Even Cowgirls Get the Blues Roseanne Barr
5%
No matching quizzes found
Score Distribution
Percent of People with Each Score
Percentile by Number Answered
Your Score History
You have not taken this quiz